[Event "ODJM B 2018"]
[Site "Willingen GER"]
[Date "2018.05.22"]
[Round "4"]
[White "Thorz, Maximilian"]
[Black "Wichert, Eddi"]
[Result "1-0"]
[Termination "normal"]
[Board "7"]
[WhiteElo "1639"]
[BlackElo "1599"]
[WhiteClock "01:29:33"]
[BlackClock "00:25:06"]
[PlyCount "99"]
[WhiteFideId "16220668"]
[BlackFideId "16266048"]
[EventCountry "GER"]
[EventRounds "9"]
[EventType "swiss"]
[EventDate "2018.05.19"]

1. d4 {[%clk 1:30:23]} 1... Nf6 {[%clk 1:30:15]} 2. c4 {[%clk 1:30:47]} 2... e6
{[%clk 1:30:37]} 3. Nc3 {[%clk 1:31:11]} 3... Bb4 {[%clk 1:30:50]} 4. f3 {
[%clk 1:31:25]} 4... d5 {[%clk 1:29:33]} 5. a3 {[%clk 1:31:49]} 5... Be7 {
[%clk 1:28:04]} 6. e4 {[%clk 1:32:12]} 6... O-O {[%clk 1:27:44]} 7. e5 { [%clk
1:32:20]} 7... Nfd7 {[%clk 1:27:15]} 8. b4 {[%clk 1:32:26]} 8... b6 { [%clk
1:26:00]} 9. c5 {[%clk 1:32:39]} 9... f6 {[%clk 1:22:17]} 10. f4 { [%clk
1:32:45]} 10... a5 {[%clk 1:18:30]} 11. Be3 {[%clk 1:31:19]} 11... c6 { [%clk
1:14:14]} 12. Bd3 {[%clk 1:30:51]} 12... Ba6 {[%clk 1:12:16]} 13. Bc2 { [%clk
1:30:26]} 13... Bc4 {[%clk 1:11:43]} 14. Nge2 {[%clk 1:30:02]} 14... Na6 {[%clk
1:11:43]} 15. Qb1 {[%clk 1:29:37]} 15... h6 {[%clk 1:09:48]} 16. O-O { [%clk
1:29:50]} 16... fxe5 {[%clk 1:09:50]} 17. fxe5 {[%clk 1:29:51]} 17... Rxf1+
{[%clk 1:10:09]} 18. Kxf1 {[%clk 1:29:56]} 18... axb4 {[%clk 1:09:09]} 19. axb4
{[%clk 1:30:18]} 19... bxc5 {[%clk 1:07:10]} 20. bxc5 {[%clk 1:30:34]} 20...
Nc7 {[%clk 0:52:20]} 21. Rxa8 {[%clk 1:29:12]} 21... Qxa8 {[%clk 0:52:40] } 22.
Bh7+ {[%clk 1:29:36]} 22... Kh8 {[%clk 0:52:00]} 23. Qg6 {[%clk 1:29:42]} 23...
Nf8 {[%clk 0:49:04]} 24. Qf7 {[%clk 1:30:11]} 24... Nxh7 {[%clk 0:47:52]} 25.
Qxe7 {[%clk 1:30:40]} 25... Qf8+ {[%clk 0:48:10]} 26. Qxf8+ {[%clk 1:30:55] }
26... Nxf8 {[%clk 0:48:34]} 27. Kf2 {[%clk 1:31:00]} 27... Kh7 { [%clk
0:48:22]} 28. Na4 {[%clk 1:31:20]} 28... Kg6 {[%clk 0:47:27]} 29. Ng3 { [%clk
1:31:24]} 29... Nb5 {[%clk 0:47:24]} 30. Nb6 {[%clk 1:31:30]} 30... Bd3 { [%clk
0:46:34]} 31. Ke1 {[%clk 1:31:07]} 31... Kf7 {[%clk 0:45:25]} 32. Kd2 { [%clk
1:31:27]} 32... Bf5 {[%clk 0:43:59]} 33. Ne2 {[%clk 1:31:39]} 33... g5 { [%clk
0:43:10]} 34. Nc3 {[%clk 1:31:44]} 34... Nc7 {[%clk 0:36:24]} 35. Nca4 { [%clk
1:31:43]} 35... Nb5 {[%clk 0:36:38]} 36. Nc8 {[%clk 1:31:48]} 36... Ng6 { [%clk
0:35:51]} 37. g3 {[%clk 1:31:49]} 37... Ke8 {[%clk 0:35:25]} 38. Nd6+ { [%clk
1:31:39]} 38... Nxd6 {[%clk 0:33:49]} 39. cxd6 {[%clk 1:32:06]} 39... Nf8
{[%clk 0:32:41]} 40. Kc3 {[%clk 1:32:08]} 40... Kd8 {[%clk 0:32:45]} 41. Kb4 {
[%clk 1:32:15]} 41... Nd7 {[%clk 0:32:29]} 42. Ka5 {[%clk 1:31:15]} 42... Bd3 {
[%clk 0:32:49]} 43. Nb2 {[%clk 1:30:44]} 43... Be2 {[%clk 0:32:02]} 44. Kb4 {
[%clk 1:30:46]} 44... Kc8 {[%clk 0:31:50]} 45. Kc3 {[%clk 1:30:54]} 45... c5 {
[%clk 0:28:24]} 46. dxc5 {[%clk 1:29:07]} 46... Nxe5 {[%clk 0:28:38]} 47. Bd4 {
[%clk 1:29:02]} 47... Nd7 {[%clk 0:26:11]} 48. c6 {[%clk 1:29:17]} 48... Nb8 {
[%clk 0:26:11]} 49. d7+ {[%clk 1:29:33]} 49... Kd8 {[%clk 0:25:06]} 50. Bf6+
1-0

[Event "ODJM B 2018"]
[Site "Willingen GER"]
[Date "2018.05.22"]
[Round "4"]
[White "Knerr, Sebastian"]
[Black "Rösch, Felix"]
[Result "1-0"]
[Termination "normal"]
[Board "8"]
[WhiteElo "1742"]
[BlackElo "1487"]
[WhiteClock "01:15:41"]
[BlackClock "00:12:25"]
[PlyCount "105"]
[WhiteFideId "16266013"]
[BlackFideId "12972363"]
[EventCountry "GER"]
[EventRounds "9"]
[EventType "swiss"]
[EventDate "2018.05.19"]

1. d4 {[%clk 1:30:40]} 1... Nf6 {[%clk 1:30:53]} 2. c4 {[%clk 1:30:12]} 2... g6
{[%clk 1:30:58]} 3. Nc3 {[%clk 1:29:03]} 3... d5 {[%clk 1:31:21]} 4. Bf4 {
[%clk 1:29:01]} 4... a6 {[%clk 1:29:10]} 5. e3 {[%clk 1:25:43]} 5... Bg7 {
[%clk 1:29:09]} 6. Nf3 {[%clk 1:23:12]} 6... O-O 7. Be2 7... c6 {[%clk 1:25:16]
} 8. h3 {[%clk 1:19:33]} 8... Re8 {[%clk 1:24:29]} 9. O-O {[%clk 1:17:56]} 9...
Nbd7 {[%clk 1:22:06]} 10. Qb3 {[%clk 1:16:19]} 10... Nb6 {[%clk 1:19:08]} 11.
cxd5 {[%clk 1:14:51]} 11... Nfxd5 {[%clk 1:16:08]} 12. Nxd5 {[%clk 1:13:55]}
12... Nxd5 {[%clk 1:12:06]} 13. Bc4 {[%clk 1:12:48]} 13... e6 {[%clk 1:06:49]}
14. Bh2 {[%clk 1:11:17]} 14... Bf8 {[%clk 0:56:08]} 15. Rfd1 {[%clk 1:03:07]}
15... Bd6 {[%clk 0:49:16]} 16. Bxd6 {[%clk 1:00:05]} 16... Qxd6 {[%clk 0:49:44]
} 17. Bxd5 {[%clk 0:59:29]} 17... exd5 {[%clk 0:48:54]} 18. Rac1 { [%clk
0:58:33]} 18... Rb8 {[%clk 0:48:43]} 19. Qc3 {[%clk 0:57:55]} 19... h6 { [%clk
0:42:38]} 20. Qc5 {[%clk 0:57:01]} 20... Qxc5 {[%clk 0:36:47]} 21. Rxc5 { [%clk
0:57:29]} 21... g5 {[%clk 0:36:41]} 22. Rd3 {[%clk 0:54:55]} 22... Bf5 { [%clk
0:31:00]} 23. Rb3 {[%clk 0:55:02]} 23... f6 {[%clk 0:25:44]} 24. g4 { [%clk
0:53:49]} 24... Bb1 {[%clk 0:22:03]} 25. a3 {[%clk 0:52:56]} 25... Ba2 { [%clk
0:21:16]} 26. Rb6 {[%clk 0:52:57]} 26... Bb1 {[%clk 0:14:44]} 27. Nd2 { [%clk
0:52:57]} 27... Bg6 {[%clk 0:15:06]} 28. Nb3 {[%clk 0:53:05]} 28... h5 { [%clk
0:14:29]} 29. Rc3 {[%clk 0:52:27]} 29... Re7 {[%clk 0:12:41]} 30. Rcxc6 { [%clk
0:52:06]} 30... bxc6 {[%clk 0:12:42]} 31. Rxb8+ {[%clk 0:52:32]} 31... Kf7
{[%clk 0:12:48]} 32. Nc5 {[%clk 0:52:33]} 32... f5 {[%clk 0:11:59]} 33. gxf5
{[%clk 0:51:54]} 33... Bxf5 {[%clk 0:12:19]} 34. Rb7 {[%clk 0:52:15]} 34...
Rxb7 {[%clk 0:12:22]} 35. Nxb7 {[%clk 0:52:34]} 35... Bxh3 { [%clk 0:12:46]}
36. Nd8+ {[%clk 0:52:43]} 36... Ke7 {[%clk 0:10:16]} 37. Nxc6+ {[%clk 0:51:43]}
37... Kd6 {[%clk 0:10:01]} 38. Ne5 {[%clk 0:50:15]} 38... Be6 {[%clk 0:08:57]}
39. Nf3 {[%clk 0:47:44]} 39... g4 {[%clk 0:04:54]} 40. Nd2 { [%clk 0:47:29]}
40... a5 {[%clk 0:03:58]} 41. Nb1 {[%clk 0:47:35]} 41... h4 { [%clk 0:02:26]}
42. b4 {[%clk 0:47:34]} 42... axb4 {[%clk 0:21:09]} 43. axb4 { [%clk 1:18:26]}
43... Bd7 {[%clk 0:21:35]} 44. Nc3 {[%clk 1:18:24]} 44... Ke6 { [%clk 0:21:21]}
45. Kg2 {[%clk 1:16:39]} 45... Kf5 {[%clk 0:18:47]} 46. f3 { [%clk 1:14:42]}
46... h3+ {[%clk 0:12:07]} 47. Kg3 {[%clk 1:14:52]} 47... Kf6 { [%clk 0:12:24]}
48. Nxd5+ {[%clk 1:15:07]} 48... Ke6 {[%clk 0:12:14]} 49. Nf4+ {[%clk 1:15:02]}
49... Kd6 {[%clk 0:12:28]} 50. fxg4 {[%clk 1:14:48]} 50... Bxg4 {[%clk
0:12:33]} 51. Nxh3 {[%clk 1:15:10]} 51... Be2 {[%clk 0:12:11]} 52. Nf4 {[%clk
1:15:15]} 52... Kc6 {[%clk 0:12:25]} 53. Nxe2 {[%clk 1:15:41]} 1-0

[Event "ODJM B 2018"]
[Site "Willingen GER"]
[Date "2018.05.22"]
[Round "4"]
[White "Fromm, Johannes"]
[Black "Rothenberg, Jannik"]
[Result "0-1"]
[Termination "normal"]
[Board "9"]
[WhiteElo "1705"]
[BlackElo "1678"]
[WhiteClock "00:28:39"]
[BlackClock "00:24:51"]
[PlyCount "90"]
[WhiteFideId "12993204"]
[BlackFideId "16204743"]
[EventCountry "GER"]
[EventRounds "9"]
[EventType "swiss"]
[EventDate "2018.05.19"]

1. b3 {[%clk 1:30:55]} 1... d5 {[%clk 1:27:20]} 2. Bb2 {[%clk 1:31:15]} 2... c5
{[%clk 1:27:17]} 3. Nf3 {[%clk 1:30:35]} 3... Nc6 {[%clk 1:27:11]} 4. d4 {
[%clk 1:28:42]} 4... Nf6 {[%clk 1:25:00]} 5. g3 {[%clk 1:26:10]} 5... Bf5 {
[%clk 1:22:08]} 6. Bg2 {[%clk 1:23:49]} 6... e6 {[%clk 1:21:39]} 7. O-O { [%clk
1:22:18]} 7... Rc8 {[%clk 1:20:46]} 8. Nbd2 {[%clk 1:11:01]} 8... cxd4 { [%clk
1:10:46]} 9. Bxd4 {[%clk 1:07:42]} 9... Nxd4 {[%clk 1:07:06]} 10. Nxd4 { [%clk
1:07:53]} 10... Bg6 {[%clk 1:05:53]} 11. c4 {[%clk 1:06:41]} 11... Bc5 { [%clk
0:58:34]} 12. N4f3 {[%clk 1:02:22]} 12... O-O {[%clk 0:55:46]} 13. Ne5 { [%clk
0:59:20]} 13... Bf5 {[%clk 0:47:55]} 14. Ndf3 {[%clk 0:44:11]} 14... h6 { [%clk
0:41:49]} 15. Rc1 {[%clk 0:41:16]} 15... Ba3 {[%clk 0:38:58]} 16. Rc3 { [%clk
0:36:55]} 16... Bb2 {[%clk 0:37:11]} 17. Re3 {[%clk 0:34:20]} 17... d4 { [%clk
0:34:56]} 18. Rd3 {[%clk 0:32:48]} 18... Bxd3 {[%clk 0:32:10]} 19. Nxd3 { [%clk
0:33:03]} 19... Bc3 {[%clk 0:31:37]} 20. Nfe5 {[%clk 0:32:00]} 20... Qc7 {[%clk
0:29:36]} 21. c5 {[%clk 0:28:51]} 21... Nd7 {[%clk 0:27:59]} 22. Nc4 { [%clk
0:28:35]} 22... Nxc5 {[%clk 0:26:45]} 23. Nxc5 {[%clk 0:28:48]} 23... Qxc5
{[%clk 0:26:48]} 24. Bxb7 {[%clk 0:28:24]} 24... Rb8 {[%clk 0:26:52]} 25. Be4
{[%clk 0:27:54]} 25... a5 {[%clk 0:25:26]} 26. Bc2 {[%clk 0:27:19]} 26... a4
{[%clk 0:23:13]} 27. e3 {[%clk 0:26:03]} 27... Rfd8 {[%clk 0:18:06]} 28. Qd3
{[%clk 0:24:21]} 28... g6 {[%clk 0:17:05]} 29. e4 {[%clk 0:24:18]} 29... e5 {
[%clk 0:14:34]} 30. f4 {[%clk 0:24:31]} 30... f6 {[%clk 0:14:18]} 31. bxa4 {
[%clk 0:23:36]} 31... Kg7 {[%clk 0:12:43]} 32. Bb3 {[%clk 0:23:54]} 32... Rb4 {
[%clk 0:11:55]} 33. Rc1 {[%clk 0:18:51]} 33... Rc8 {[%clk 0:10:41]} 34. Nd2 {
[%clk 0:15:14]} 34... exf4 {[%clk 0:08:52]} 35. Nf3 {[%clk 0:10:09]} 35... fxg3
{[%clk 0:07:54]} 36. e5 {[%clk 0:09:07]} 36... gxh2+ {[%clk 0:07:14]} 37. Kxh2
{[%clk 0:08:53]} 37... f5 {[%clk 0:05:29]} 38. Rg1 {[%clk 0:08:19]} 38... Rf8 {
[%clk 0:05:06]} 39. Qe2 {[%clk 0:05:44]} 39... d3 {[%clk 0:03:12]} 40. Qg2 {
[%clk 0:04:02]} 40... Rg4 {[%clk 0:02:20]} 41. Qh3 {[%clk 0:28:20]} 41... Bxe5+
{[%clk 0:30:15]} 42. Kh1 {[%clk 0:27:59]} 42... Rxg1+ {[%clk 0:29:46]} 43. Nxg1
{[%clk 0:28:21]} 43... Rd8 {[%clk 0:25:45]} 44. Qg2 {[%clk 0:28:17]} 44... d2 {
[%clk 0:24:53]} 45. Qb7+ {[%clk 0:28:39]} 45... Bc7 {[%clk 0:24:51]} 0-1

[Event "ODJM B 2018"]
[Site "Willingen GER"]
[Date "2018.05.22"]
[Round "4"]
[White "Adelmeyer, Matti"]
[Black "Thumm, Niklas"]
[Result "1-0"]
[Termination "normal"]
[Board "10"]
[WhiteElo "1733"]
[BlackElo "1781"]
[WhiteClock "00:48:13"]
[BlackClock "00:54:01"]
[PlyCount "37"]
[WhiteFideId "12962520"]
[BlackFideId "12918733"]
[EventCountry "GER"]
[EventRounds "9"]
[EventType "swiss"]
[EventDate "2018.05.19"]

1. e4 e5 2. Nf3 Nc6 3. d4 exd4 4. Nxd4 Bc5 5. Be3 Qf6 6. c3 Nge7 7. Bc4 Ne5 8.
Qe2 Qg6 9. O-O Qxe4 10. Nb5 Bxe3 11. Nxc7+ Kd8 12. Nd2 Qc6 13. Nxa8 Bxd2 14.
Bb5 Qc5 15. Qxd2 Qxb5 16. Qd6 Nc4 17. Qc7+ Ke8 18. Qxc8+ Nxc8 19. Nc7+ 1-0

[Event "ODJM B 2018"]
[Site "Willingen GER"]
[Date "2018.05.22"]
[Round "4"]
[White "Reuter, Julian-Frank"]
[Black "Weimert, Miriam"]
[Result "1/2-1/2"]
[Termination "normal"]
[Board "11"]
[WhiteElo "1652"]
[BlackElo "1797"]
[WhiteClock "00:10:43"]
[BlackClock "00:10:15"]
[PlyCount "68"]
[WhiteFideId "16256182"]
[BlackFideId "12966703"]
[EventCountry "GER"]
[EventRounds "9"]
[EventType "swiss"]
[EventDate "2018.05.19"]

1. e4 {[%clk 1:30:57]} 1... c5 {[%clk 1:30:54]} 2. Nf3 {[%clk 1:31:23]} 2...
Nc6 {[%clk 1:31:12]} 3. Bb5 {[%clk 1:31:47]} 3... a6 {[%clk 1:29:07]} 4. Bxc6 {
[%clk 1:32:07]} 4... bxc6 {[%clk 1:29:27]} 5. O-O {[%clk 1:32:30]} 5... e6 {
[%clk 1:27:03]} 6. d3 {[%clk 1:31:51]} 6... d5 {[%clk 1:25:44]} 7. Nc3 { [%clk
1:30:44]} 7... Nf6 {[%clk 1:24:41]} 8. e5 {[%clk 1:30:53]} 8... Nd7 { [%clk
1:23:52]} 9. Re1 {[%clk 1:31:14]} 9... Be7 {[%clk 1:23:25]} 10. Ne2 { [%clk
1:28:56]} 10... O-O {[%clk 1:16:36]} 11. c4 {[%clk 1:28:04]} 11... Re8 { [%clk
1:09:25]} 12. Bf4 {[%clk 1:14:54]} 12... g5 {[%clk 0:47:34]} 13. Bg3 { [%clk
1:06:50]} 13... Nf8 {[%clk 0:32:59]} 14. Nd2 {[%clk 0:56:30]} 14... Ng6 { [%clk
0:31:01]} 15. h3 {[%clk 0:44:41]} 15... f5 {[%clk 0:25:54]} 16. exf6 { [%clk
0:43:35]} 16... Bxf6 {[%clk 0:24:49]} 17. Nc3 {[%clk 0:42:48]} 17... e5 { [%clk
0:24:20]} 18. Qa4 {[%clk 0:40:52]} 18... Bb7 {[%clk 0:19:40]} 19. Nb3 { [%clk
0:37:50]} 19... Be7 {[%clk 0:17:09]} 20. Bxe5 {[%clk 0:33:51]} 20... Nxe5
{[%clk 0:17:19]} 21. Rxe5 {[%clk 0:34:16]} 21... Bd6 {[%clk 0:17:41]} 22. Rxe8+
{[%clk 0:34:13]} 22... Qxe8 {[%clk 0:18:06]} 23. Nd2 {[%clk 0:31:23]} 23... Qg6
{[%clk 0:15:44]} 24. Qb3 {[%clk 0:27:54]} 24... Rb8 {[%clk 0:15:34]} 25. cxd5 {
[%clk 0:27:57]} 25... Bc8 {[%clk 0:14:47]} 26. Qc2 {[%clk 0:26:49]} 26... g4 {
[%clk 0:12:36]} 27. hxg4 {[%clk 0:25:39]} 27... Bxg4 {[%clk 0:12:46]} 28. Nde4
{[%clk 0:17:12]} 28... Bf3 {[%clk 0:11:41]} 29. Ng3 {[%clk 0:17:19]} 29... Bxg3
{[%clk 0:11:03]} 30. fxg3 {[%clk 0:17:38]} 30... Qxg3 {[%clk 0:11:24]} 31. dxc6
{[%clk 0:16:45]} 31... Bxc6 {[%clk 0:11:39]} 32. Ne4 {[%clk 0:17:08]} 32...
Bxe4 {[%clk 0:11:01]} 33. dxe4 {[%clk 0:17:33]} 33... Qe3+ {[%clk 0:11:23]} 34.
Qf2 {[%clk 0:10:43]} 34... Qxf2+ {[%clk 0:10:15]} 1/2-1/2

[Event "ODJM B 2018"]
[Site "Willingen GER"]
[Date "2018.05.22"]
[Round "4"]
[White "Straßburg, Robin Leonard"]
[Black "Diegel, Jonas"]
[Result "1/2-1/2"]
[Termination "normal"]
[Board "12"]
[WhiteElo "1732"]
[BlackElo "1712"]
[WhiteClock "00:26:28"]
[BlackClock "00:27:59"]
[PlyCount "54"]
[WhiteFideId "16210018"]
[BlackFideId "16206061"]
[EventCountry "GER"]
[EventRounds "9"]
[EventType "swiss"]
[EventDate "2018.05.19"]

1. d4 e6 2. Bf4 Nf6 3. e3 d5 4. Nf3 c5 5. c3 Nc6 6. Nbd2 Bd6 7. Bg3 O-O 8. Ne5
Qc7 9. f4 Ne7 10. Bd3 Nf5 11. Qe2 c4 12. Bc2 b5 13. e4 dxe4 14. Nxe4 Nxe4 15.
Bxe4 Rb8 16. Qd2 f6 17. Nf3 Re8 18. O-O Bb7 19. Rfe1 Rbd8 20. Rad1 Bxe4 21.
Rxe4 Nxg3 22. hxg3 e5 23. fxe5 fxe5 24. Qe2 Re7 25. dxe5 Bc5+ 26. Kh2 Red7 27.
Rxd7 Rxd7 1/2-1/2

[Event "ODJM B 2018"]
[Site "Willingen GER"]
[Date "2018.05.22"]
[Round "4"]
[White "Celik, Cem"]
[Black "Cozzuto, Alessandro"]
[Result "1/2-1/2"]
[Termination "normal"]
[Board "13"]
[WhiteElo "1800"]
[BlackElo "1531"]
[PlyCount "97"]
[WhiteFideId "16206673"]
[BlackFideId "12990744"]
[EventCountry "GER"]
[EventRounds "9"]
[EventType "swiss"]
[EventDate "2018.05.19"]

1. e4 c5 2. d4 cxd4 3. c3 dxc3 4. Nxc3 d6 5. Bc4 a6 6. Nf3 Nc6 7. O-O Nf6 8.
Bf4 Bg4 9. Qb3 e6 10. Rac1 b5 11. Nxb5 Na5 12. Qa4 axb5 13. Bxb5+ Nd7 14. e5
Bxf3 15. gxf3 d5 16. Bd2 Nc6 17. Qxa8 Qxa8 18. Rxc6 Kd8 19. Rfc1 Bc5 20. R1xc5
Nxc5 21. Bg5+ f6 22. exf6 gxf6 23. Bxf6+ Kd7 24. Bxh8 Qxh8 25. Rxc5+ Kd6 26.
Rc2 Qf6 27. Rc3 Qg6+ 28. Kf1 Qb1+ 29. Kg2 Qxb2 30. Rc6+ Ke5 31. a4 Qd2 32. Rc8
Qg5+ 33. Kf1 Qf5 34. Ke2 Qb1 35. Re8 Qc2+ 36. Kf1 Qb1+ 37. Kg2 Qg6+ 38. Kf1 Qf7
39. Ke2 Qc7 40. Bd3 h6 41. Rf8 Qe7 42. Rh8 Qa3 43. Rxh6 Qb2+ 44. Kd1 Qa1+ 45.
Kd2 Qxa4 46. Rh5+ Kf6 47. Rh6+ Kf7 48. Rh7+ Kf6 49. Rh6+ 1/2-1/2

[Event "ODJM B 2018"]
[Site "Willingen GER"]
[Date "2018.05.22"]
[Round "4"]
[White "Noever, Niklas"]
[Black "Walow, Xenia"]
[Result "1/2-1/2"]
[Termination "normal"]
[Board "14"]
[WhiteElo "1707"]
[BlackElo "1742"]
[PlyCount "129"]
[WhiteFideId "12988642"]
[BlackFideId "12971839"]
[EventCountry "GER"]
[EventRounds "9"]
[EventType "swiss"]
[EventDate "2018.05.19"]

1. d4 d5 2. Nf3 Nf6 3. Bf4 c5 4. dxc5 Qa5+ 5. c3 Qxc5 6. e3 Nc6 7. Bd3 e6 8.
Nbd2 Nh5 9. Nb3 Qb6 10. Bg3 Nxg3 11. hxg3 h6 12. Bc2 Be7 13. Qd3 Bd7 14. Rb1
Na5 15. Nxa5 Qxa5 16. a3 Bb5 17. Qd4 Bf6 18. Qb4 Qxb4 19. axb4 O-O 20. g4 Rfd8
21. Nd4 Bd7 22. f4 e5 23. fxe5 Bxe5 24. Nf5 Bf6 25. Kf2 Rac8 26. Bb3 Be6 27.
Rbd1 Bg5 28. Kf3 Rc7 29. Rd2 g6 30. Nd4 Bc8 31. Nb5 Re7 32. Re1 Re4 33. Bxd5
Rxg4 34. Red1 Re8 35. Rd3 Rh4 36. Nd6 Bg4+ 37. Kg3 Re7 38. Rf1 Be2 39. Rxf7
Rxf7 40. Nxf7 Rg4+ 41. Kf2 Bxd3 42. Nxh6+ Kg7 43. Nxg4 b6 44. Ne5 Bb5 45. Be4
Be8 46. Ke2 Bf6 47. Ng4 Be7 48. Kd3 Bd6 49. Kd4 g5 50. Kd5 Bg3 51. Bf5 Bb5 52.
c4 Ba6 53. c5 bxc5 54. bxc5 Bf1 55. Be4 Ba6 56. Bf3 Kf7 57. e4 Bb8 58. Ne5+ Kg7
59. Nd7 Bc7 60. e5 Kf7 61. c6 Ke7 62. Nc5 Bc8 63. g4 Bb6 64. Be2 Bc7 65. Bf3
1/2-1/2

[Event "ODJM B 2018"]
[Site "Willingen GER"]
[Date "2018.05.22"]
[Round "4"]
[White "Arnold, Leander"]
[Black "Svane, Freja"]
[Result "1-0"]
[Termination "normal"]
[Board "15"]
[WhiteElo "1808"]
[BlackElo "1622"]
[PlyCount "69"]
[WhiteFideId "12990230"]
[BlackFideId "12940100"]
[EventCountry "GER"]
[EventRounds "9"]
[EventType "swiss"]
[EventDate "2018.05.19"]

1. Nf3 d5 2. c4 e6 3. b3 Nf6 4. g3 c6 5. Bg2 Be7 6. Bb2 Nbd7 7. O-O O-O 8. d3
b6 9. Nbd2 Bb7 10. Rc1 Rc8 11. Rc2 Rc7 12. Qa1 Ne8 13. Rfc1 Bf6 14. d4 c5 15.
Ne5 cxd4 16. Bxd4 Bxe5 17. Bxe5 Nxe5 18. Qxe5 Qc8 19. Qb2 dxc4 20. Bxb7 Qxb7
21. Nxc4 Qd5 22. Ne3 Qd7 23. Rc3 Qd4 24. Qc2 Rb7 25. Rd1 Qb4 26. Rd8 Qe7 27.
Rcd3 Nf6 28. Qc8 Re8 29. Rxe8+ Nxe8 30. Rd8 Kf8 31. Rxe8+ Qxe8 32. Qxb7 b5 33.
Qxa7 Qc8 34. Qd4 Qc1+ 35. Qd1 1-0

[Event "ODJM B 2018"]
[Site "Willingen GER"]
[Date "2018.05.22"]
[Round "4"]
[White "Matthes, Benjamin"]
[Black "Hungeling, David"]
[Result "1-0"]
[Termination "normal"]
[Board "17"]
[WhiteElo "1829"]
[BlackElo "1442"]
[PlyCount "119"]
[WhiteFideId "16227298"]
[BlackFideId "16222440"]
[EventCountry "GER"]
[EventRounds "9"]
[EventType "swiss"]
[EventDate "2018.05.19"]

1. d4 e6 2. c4 d5 3. cxd5 exd5 4. Nc3 Nf6 5. Bg5 c6 6. e3 Bf5 7. Bd3 Bxd3 8.
Qxd3 Nbd7 9. Nge2 Bd6 10. O-O Bxh2+ 11. Kxh2 Ng4+ 12. Kg1 Qxg5 13. Ng3 Qh4 14.
Rfe1 Qh2+ 15. Kf1 Ndf6 16. e4 O-O 17. e5 Nh5 18. Nce2 f6 19. e6 f5 20. e7 Rf7
21. Nxh5 Qh1+ 22. Ng1 Nh2+ 23. Ke2 Rxe7+ 24. Kd2 Rxe1 25. Rxe1 Qxg2 26. Qxf5
Nf1+ 27. Kc3 Qxg1 28. Qe6+ Kf8 29. Qe7+ Kg8 30. Qe6+ Kf8 31. Qe7+ Kg8 32. Rxf1
Qg4 33. Ng3 Qf3+ 34. Qe3 Qf7 35. Re1 Rf8 36. Re2 h6 37. Nf1 Qh5 38. Kd2 Qh1 39.
Ng3 Qb1 40. Qb3 b5 41. a3 Qg1 42. Qd1 Qg2 43. Qh1 Qxh1 44. Nxh1 Rf3 45. Re3 Rf4
46. Kd3 Rh4 47. Ng3 Rh2 48. Rf3 h5 49. Nf5 h4 50. Ne7+ Kh7 51. Nxc6 a6 52. Ne7
h3 53. Rg3 Rh1 54. Ke2 Kh6 55. Nf5+ Kh5 56. Nxg7+ Kh4 57. Kf3 h2 58. Rg4+ Kh3
59. Nh5 Rg1 60. Nf4# 1-0

[Event "ODJM B 2018"]
[Site "Willingen GER"]
[Date "2018.05.22"]
[Round "4"]
[White "Klühs, Gustaf"]
[Black "Jenner, Meikel"]
[Result "1-0"]
[Termination "normal"]
[Board "18"]
[WhiteElo "1740"]
[BlackElo "1679"]
[PlyCount "57"]
[WhiteFideId "16228936"]
[BlackFideId "16245342"]
[EventCountry "GER"]
[EventRounds "9"]
[EventType "swiss"]
[EventDate "2018.05.19"]

1. d4 Nf6 2. g3 e6 3. Bg2 d5 4. Nf3 Bd6 5. O-O O-O 6. Nbd2 Nbd7 7. c4 c6 8. Qc2
b6 9. e4 Nxe4 10. Nxe4 dxe4 11. Ng5 Nf6 12. Nxe4 Bb7 13. Nxd6 Qxd6 14. Bf4 Qe7
15. c5 bxc5 16. dxc5 e5 17. Rfe1 Nd7 18. Rac1 g5 19. Be3 f5 20. Qb3+ Qf7 21.
Qxb7 f4 22. Bxc6 fxe3 23. Bd5 exf2+ 24. Kg2 fxe1=N+ 25. Rxe1 Rab8 26. Bxf7+
Rxf7 27. Qd5 Rxb2+ 28. Kg1 Rb5 29. Rf1 1-0

[Event "ODJM B 2018"]
[Site "Willingen GER"]
[Date "2018.05.22"]
[Round "4"]
[White "von Rosen, Jakob"]
[Black "Udaykumar, Arunn Mark"]
[Result "0-1"]
[Termination "normal"]
[Board "19"]
[WhiteElo "1700"]
[BlackElo "1765"]
[PlyCount "80"]
[WhiteFideId "12982989"]
[BlackFideId "12965456"]
[EventCountry "GER"]
[EventRounds "9"]
[EventType "swiss"]
[EventDate "2018.05.19"]

1. e4 e5 2. Nf3 Nc6 3. Bc4 Bc5 4. O-O Nf6 5. d3 d6 6. c3 Bg4 7. h3 Bh5 8. Bb3
Qd7 9. Nbd2 g5 10. Bc2 g4 11. hxg4 Bxg4 12. Nb3 Bb6 13. Be3 Rg8 14. Kh2 h5 15.
d4 h4 16. d5 Ne7 17. Bxb6 axb6 18. Nbd2 Ng6 19. Rg1 h3 20. g3 O-O-O 21. a4 Bh5
22. Qe2 Nf8 23. a5 Kb8 24. a6 b5 25. axb7 N8h7 26. Ra2 Kxb7 27. Ra5 Ng5 28.
Rga1 Nxf3+ 29. Nxf3 Ng4+ 30. Kh1 Rb8 31. Rxb5+ Kc8 32. Rb3 Rxb3 33. Ra8+ Rb8
34. Qa6+ Kd8 35. Rxb8+ Ke7 36. Rxg8 Nxf2+ 37. Kg1 Bxf3 38. Kxf2 h2 39. Ba4 Qh3
40. Re8+ Kf6 0-1

[Event "ODJM B 2018"]
[Site "Willingen GER"]
[Date "2018.05.22"]
[Round "4"]
[White "Garbuz, Nicole"]
[Black "Mainka, Irmin"]
[Result "0-1"]
[Termination "normal"]
[Board "20"]
[WhiteElo "1679"]
[BlackElo "1415"]
[PlyCount "106"]
[WhiteFideId "12990701"]
[BlackFideId "16248457"]
[EventCountry "GER"]
[EventRounds "9"]
[EventType "swiss"]
[EventDate "2018.05.19"]

1. f4 d5 2. b3 Nc6 3. Bb2 e6 4. e3 Nf6 5. Bb5 Bd7 6. Bxc6 Bxc6 7. Nf3 Bd6 8.
O-O O-O 9. Ne5 Bb5 10. Rf3 Ne4 11. d3 f6 12. Ng4 f5 13. Nh6+ gxh6 14. dxe4 Be8
15. Rg3+ Bg6 16. Qd4 Qe7 17. exf5 exf5 18. Qxd5+ Rf7 19. Qd4 Rff8 20. Nc3 Bc5
21. Qc4+ Rf7 22. Nd5 Qe6 23. Be5 Qc6 24. Nf6+ Kf8 25. Rd1 b5 26. Qd5 Qxd5 27.
Rxd5 Be7 28. Nxh7+ Bxh7 29. Rh3 Rd8 30. Rxb5 Bd6 31. Rxh6 Bxe5 32. Rxe5 Rd1+
33. Kf2 Rd2+ 34. Kf3 Rxc2 35. Rd5 Rxa2 36. Rd8+ Kg7 37. Rh5 Rb2 38. Rg5+ Kf6
39. Rb8 c5 40. Rc8 Rxb3 41. Rc6+ Ke7 42. Rxc5 Kd6 43. Re5 Ra3 44. h4 a5 45. h5
a4 46. h6 Ra1 47. Rg7 Rxg7 48. hxg7 a3 49. Ra5 a2 50. Kf2 Ke7 51. Ra7+ Kf6 52.
Ra8 Kxg7 53. Ra7+ Kh8 0-1